00806nam a22002177a 4500003000500000005001700005008004100022010001100063011001100074035001100085040000900096100002700105245011900132260004000251500006000291502008000351650003500431650003200466650002600498856006400524CHAP20220329143931.0120912s2012 mx r 00010 spa d a103927 a104899 a115589 cCHAP1 aCruz contreras, Carlos10aResiduos generados del aprovechamiento maderable en el Estado de Durangoh[En línea]c/por Carlos Cruz Contreras aChapingo, Méx. :bEl autor,c2012 aPara ver el contenido del material haga clic en la liga aTesis (Ing. Forestal Industrial) -- UACH. División de Ciencias Forestales14aMadera aserradaxProducción.14aMaderaxPropiedades y usos.14aMaderaxSubproductos. 3Finding aiduhttp://10.13.5.2/tesis/115589.pdfzTeclea aqui